Modulárny systém MoBioSandbox na platforme Winphone
Na minha lista:
| Autor principal: | |
|---|---|
| Outros Autores: | |
| Formato: | Manuscrito Livro |
| Idioma: | eslovaco |
| Publicado em: |
2015
|
| Assuntos: | |
| Acesso em linha: | http://is.stuba.sk/zp/portal_zp.pl?podrobnosti=97774 |
| Tags: |
Sem tags, seja o primeiro a adicionar uma tag!
|
MARC
| LEADER | 00000ntm a22000003a 4500 | ||
|---|---|---|---|
| 001 | stuzp49315 | ||
| 003 | SK-STU | ||
| 005 | 20160719153236.3 | ||
| 007 | ta | ||
| 008 | 150427s2015----xo-----f-mn---000-0-slo-d | ||
| 040 | |a STU |b slo | ||
| 041 | 0 | |a slo | |
| 100 | 1 | |a Fačkovec, Matej |u 035000 |4 aut |U FEI Fakulta elektrotechniky a informatiky |T FEI Ústav informatiky a matematiky |X 53954 |U E050 |Y 816 |7 53954 | |
| 242 | 0 | 1 | |a Modular system MoBioSandbox on WinPhone platform |y eng |
| 245 | 1 | 0 | |a Modulárny systém MoBioSandbox na platforme Winphone |
| 260 | |c 2015 | ||
| 300 | |a 38 s., príl. |b CD-ROM | ||
| 650 | 4 | |a Windows Phone |2 slo | |
| 650 | 4 | |a EmguCV |2 slo | |
| 650 | 4 | |a Rozpoznávanie tvárí |2 slo | |
| 650 | 4 | |a OpenCV |2 slo | |
| 650 | 4 | |a EmguCV |2 eng | |
| 650 | 4 | |a FaceDetection |2 eng | |
| 650 | 4 | |a Windows Phone |2 eng | |
| 650 | 4 | |a OpenCV |2 eng | |
| 700 | 1 | |a Jirka, Vojtěch |4 ths |X 50773 |7 A000050773 | |
| 856 | 4 | |u http://is.stuba.sk/zp/portal_zp.pl?podrobnosti=97774 | |
| 996 | |b 284ER01867 |c E*Bc- 1867 |l EE35 |s P |a 0 |w stuzp49315_0001 | ||
| SQL | |a stuzp49315 |b DBP |c SLO |d Modulárny systém MoBioSandbox na platforme Winphone |e 53954 |f Fačkovec, Matej |g 035000 |h 50773 |i Jirka, Vojtěch |j 20150707 |k 73 |l 03 |m http://is.stuba.sk/zp/portal_zp.pl?podrobnosti=97774 |n B-API |o 9.2.9. aplikovaná informatika | ||